[Event "DVM U16 2015"]
[Site "Lingen (Ems) GER"]
[Date "2015.12.27"]
[Round "1"]
[White "Reindl, Knut"]
[Black "Oberhofer, Marie"]
[Result "1-0"]
[Termination "normal"]
[Board "6.4"]
[WhiteElo "1697"]
[BlackElo "1602"]
[WhiteTeam "SG Schwäbisch Gmünd 1872"]
[BlackTeam "SC Bavaria Regensburg 1881"]
[PlyCount "78"]
[WhiteFideId "12946753"]
[BlackFideId "12938165"]
[EventCountry "GER"]
[EventRounds "7"]
[EventType "team-swiss"]
[EventDate "2015.12.26"]

1. c4 e5 2. Nc3 Nf6 3. g3 d5 4. cxd5 Nxd5 5. Bg2 Nb6 6. d3 Be7 7. Nf3 Nc6 8.
Bd2 O-O 9. O-O Be6 10. Rc1 Rb8 11. a3 f6 12. Ne4 Re8 13. Nc5 Bxc5 14. Rxc5 Qd6
15. Rc1 Rec8 16. Qc2 Nd4 17. Nxd4 Qxd4 18. Be3 Qd6 19. Rfd1 c6 20. d4 Ra8 21.
Be4 h6 22. Bh7+ Kh8 23. Qg6 Qe7 24. dxe5 fxe5 25. Bc5 Qf6 26. Rd6 Re8 27. Qxf6
gxf6 28. Bg6 Nc4 29. Rxe6 Rxe6 30. Rxc4 b6 31. Be3 Kg7 32. Bf5 Rd6 33. Rg4+ Kf7
34. Bxh6 Rd1+ 35. Kg2 Rh8 36. Be3 Re1 37. Bd3 Ke6 38. Ra4 Ra1 39. Rxa7 Ra2 1-0

[Event "DVM U16 2015"]
[Site "Lingen (Ems) GER"]
[Date "2015.12.27"]
[Round "1"]
[White "Kania, Markus"]
[Black "Gschnitzer, Adrian"]
[Result "1-0"]
[Termination "normal"]
[Board "7.1"]
[WhiteElo "1796"]
[BlackElo "2126"]
[WhiteTeam "MTV 1876 Saalfeld"]
[BlackTeam "SV 1947 Walldorf"]
[PlyCount "63"]
[WhiteFideId "12903736"]
[BlackFideId "1270337"]
[EventCountry "GER"]
[EventRounds "7"]
[EventType "team-swiss"]
[EventDate "2015.12.26"]

1. Nf3 Nf6 2. d4 d5 3. c4 e6 4. cxd5 exd5 5. Nc3 Nbd7 6. Bg5 c6 7. e3 Be7 8.
Bd3 Nh5 9. Bxe7 Qxe7 10. O-O O-O 11. Qc2 g6 12. Rab1 f5 13. b4 a6 14. a4 Ndf6
15. b5 axb5 16. axb5 Ne4 17. Ne5 Nxc3 18. Qxc3 Ra3 19. Qc2 cxb5 20. Rxb5 Nf6
21. Rc5 Qe6 22. Rc1 Ra8 23. Rc7 Rb8 24. Qc5 Bd7 25. Nxd7 Nxd7 26. Qb4 f4 27.
exf4 Rxf4 28. Re1 Qg4 29. Qd6 Rxf2 30. Qxd5+ Rf7 31. Bc4 Rbf8 32. Rxd7 1-0

[Event "DVM U16 2015"]
[Site "Lingen (Ems) GER"]
[Date "2015.12.27"]
[Round "1"]
[White "Färber, David"]
[Black "Ratay, Meike"]
[Result "1/2-1/2"]
[Termination "normal"]
[Board "7.2"]
[WhiteElo "2000"]
[BlackElo "1678"]
[WhiteTeam "SV 1947 Walldorf"]
[BlackTeam "MTV 1876 Saalfeld"]
[PlyCount "69"]
[WhiteFideId "12971294"]
[BlackFideId "12977608"]
[EventCountry "GER"]
[EventRounds "7"]
[EventType "team-swiss"]
[EventDate "2015.12.26"]

1. e4 e5 2. Nf3 Nc6 3. Bb5 Nge7 4. O-O g6 5. c3 Bg7 6. d4 exd4 7. cxd4 d5 8.
exd5 Nxd5 9. Re1+ Be6 10. Bxc6+ bxc6 11. Ng5 Qf6 12. Nc3 O-O 13. Nf3 Bg4 14.
Ne4 Qd8 15. Neg5 Ne7 16. h3 Bxf3 17. Nxf3 Nf5 18. Be3 Qd5 19. Qd2 Rad8 20. Rac1
Rfe8 21. Rc5 Qxa2 22. Rxc6 Rb8 23. Rc2 Red8 24. Rd1 Rb7 25. Qc3 Qd5 26. b4 Rdb8
27. Ra1 Rxb4 28. Rxa7 Nxd4 29. Bxd4 Bxd4 30. Nxd4 Rxd4 31. Qxc7 Rd1+ 32. Kh2
Qd6+ 33. Qxd6 Rxd6 34. Rac7 Rf6 35. Kg3 1/2-1/2

[Event "DVM U16 2015"]
[Site "Lingen (Ems) GER"]
[Date "2015.12.27"]
[Round "1"]
[White "Baureis, Julian"]
[Black "Grund, Melanie"]
[Result "0-1"]
[Termination "normal"]
[Board "7.4"]
[WhiteElo "1664"]
[BlackElo "1693"]
[WhiteTeam "SV 1947 Walldorf"]
[BlackTeam "MTV 1876 Saalfeld"]
[PlyCount "76"]
[WhiteFideId "12991112"]
[BlackFideId "12988804"]
[EventCountry "GER"]
[EventRounds "7"]
[EventType "team-swiss"]
[EventDate "2015.12.26"]

1. d4 d5 2. c4 e6 3. Nc3 Nf6 4. Bg5 Be7 5. Nf3 b6 6. e3 Bb7 7. Rc1 dxc4 8. Bxc4
O-O 9. O-O Nbd7 10. Bf4 c5 11. Nb5 cxd4 12. Nbxd4 Re8 13. Nb5 Rf8 14. Nc7 Rc8
15. Bxe6 fxe6 16. Nxe6 Rxc1 17. Qxc1 Qa8 18. Nxf8 Kxf8 19. Qd1 Nc5 20. b4 Nce4
21. Ng5 $11 Nxg5 22. Bxg5 Bxg2 23. Bxf6 gxf6 24. Qg4 Bxf1 25. Kxf1 Qh1+ 26. Ke2
Qxh2 27. Qc8+ Kf7 28. Qc4+ Kg7 29. Qg4+ Kh6 30. Qe6 Qe5 31. Qh3+ Qh5+ 32. Qxh5+
Kxh5 33. b5 Kg4 34. f3+ Kg3 35. a4 h5 36. a5 h4 37. Kf1 Kxf3 38. Kg1 bxa5 0-1

[Event "DVM U16 2015"]
[Site "Lingen (Ems) GER"]
[Date "2015.12.27"]
[Round "1"]
[White "Rieper, Julian"]
[Black "Wulfhorst, Noah"]
[Result "1-0"]
[Termination "normal"]
[Board "8.1"]
[WhiteElo "2008"]
[BlackElo "1641"]
[WhiteTeam "SK Doppelbauer Kiel"]
[BlackTeam "Gütersloher SV von 1923"]
[PlyCount "85"]
[WhiteFideId "12936960"]
[BlackFideId "12964956"]
[EventCountry "GER"]
[EventRounds "7"]
[EventType "team-swiss"]
[EventDate "2015.12.26"]

1. e4 c5 2. Nc3 d6 3. f4 g6 4. Nf3 Bg7 5. Bc4 Nc6 6. O-O e6 7. d3 a6 8. a4 Nge7
9. Qe1 Nd4 10. Nxd4 cxd4 11. Nd1 Qc7 12. Kh1 Bd7 13. Qh4 f5 14. Bb3 Kf7 15. Bd2
Bf6 16. Qg3 Rae8 17. Nf2 b5 18. axb5 Bxb5 19. Rfe1 Nc6 20. Nh3 h6 21. exf5 gxf5
22. Qf3 Nd8 23. Ba5 Qd7 24. Bxd8 Bxd8 25. c3 dxc3 26. bxc3 Rhg8 27. Qh5+ Kg7
28. Re3 Kh7 29. d4 Bc6 30. d5 exd5 31. Rxe8 Rxe8 32. Bc2 Rf8 33. Ng5+ Bxg5 34.
fxg5 Qe6 35. gxh6 Rf6 36. Qg5 Rf7 37. h3 Bd7 38. Rf1 Qe5 39. Qd2 Rf6 40. Re1
Qg3 41. Re7+ Kh8 42. Rxd7 Re6 43. Rd8+ 1-0

[Event "DVM U16 2015"]
[Site "Lingen (Ems) GER"]
[Date "2015.12.27"]
[Round "1"]
[White "Pfaffenrot, Daniel"]
[Black "Karlisch, Moritz"]
[Result "0-1"]
[Termination "normal"]
[Board "8.2"]
[WhiteElo "1603"]
[BlackElo "1789"]
[WhiteTeam "Gütersloher SV von 1923"]
[BlackTeam "SK Doppelbauer Kiel"]
[PlyCount "46"]
[WhiteFideId "12964972"]
[BlackFideId "12964859"]
[EventCountry "GER"]
[EventRounds "7"]
[EventType "team-swiss"]
[EventDate "2015.12.26"]

1. d4 {[%emt 0:00:00]} d5 2. c4 c6 3. Nc3 Nf6 4. Nf3 dxc4 5. e4 b5 6. a3 e6 7.
Be2 Bb7 8. Qc2 Be7 9. O-O O-O 10. Bf4 Qb6 11. Rad1 Rd8 12. Be3 Qc7 13. Ne1 a6
14. f4 Nbd7 15. Kh1 c5 16. dxc5 Bxc5 17. Bc1 Nb6 18. Rxd8+ Rxd8 19. Rf3 Na4 20.
Rg3 Nxc3 21. Qxc3 Bd4 22. Qf3 Nxe4 23. Qf1 Nxg3+ 0-1

[Event "DVM U16 2015"]
[Site "Lingen (Ems) GER"]
[Date "2015.12.27"]
[Round "1"]
[White "Fortenbacher, Dominic"]
[Black "Arndt, Magnus"]
[Result "0-1"]
[Termination "normal"]
[Board "8.4"]
[WhiteElo "1592"]
[BlackElo "1732"]
[WhiteTeam "Gütersloher SV von 1923"]
[BlackTeam "SK Doppelbauer Kiel"]
[PlyCount "58"]
[WhiteFideId "16200780"]
[BlackFideId "12998656"]
[EventCountry "GER"]
[EventRounds "7"]
[EventType "team-swiss"]
[EventDate "2015.12.26"]

1. e4 e5 2. Nf3 Nc6 3. Bc4 Nf6 4. d3 Be7 5. Be3 O-O 6. c3 d6 7. Bb3 Kh8 8. Nbd2
Ng8 9. Qe2 f5 10. exf5 Bxf5 11. Bc2 d5 12. h3 d4 13. cxd4 Nxd4 14. Nxd4 exd4
15. Bf4 Re8 16. O-O Qd7 17. Nf3 Bd6 18. Qd2 c5 19. Bxd6 Qxd6 20. Qg5 Qf6 21.
Qf4 Ne7 22. Rfe1 Nd5 23. Qg3 Nb4 24. Rxe8+ Rxe8 25. Ba4 Rf8 26. Ne5 Be6 27. a3
Nd5 28. Bb3 Nf4 29. Bxe6 Ne2+ 0-1

[Event "DVM U16 2015"]
[Site "Lingen (Ems) GER"]
[Date "2015.12.27"]
[Round "1"]
[White "Philipp, Mathias"]
[Black "Chittka, Julius"]
[Result "1-0"]
[Termination "normal"]
[Board "9.1"]
[WhiteElo "1779"]
[BlackElo "2021"]
[WhiteTeam "SSV Vimaria 91 Weimar"]
[BlackTeam "VfSuF 1975 Düsseldorf-Süd"]
[PlyCount "61"]
[WhiteFideId "12958883"]
[BlackFideId "12954772"]
[EventCountry "GER"]
[EventRounds "7"]
[EventType "team-swiss"]
[EventDate "2015.12.26"]

1. e4 c5 2. Nf3 Nc6 3. c3 d5 4. exd5 Qxd5 5. d4 Nf6 6. Be2 Qd8 7. dxc5 Qxd1+ 8.
Bxd1 a5 9. Ba4 Bd7 10. O-O e6 11. b4 Be7 12. a3 O-O 13. Nbd2 Nd5 14. Bb2 axb4
15. axb4 Rfd8 16. Nc4 Bf6 17. b5 Na7 18. Nd6 Bxc3 19. Bxc3 Nxc3 20. Nxb7 Rdb8
21. c6 Bc8 22. b6 Bxb7 23. bxa7 Rxa7 24. cxb7 Nxa4 25. Rfc1 Raxb7 26. Rxa4 h6
27. g3 Rb2 28. Ra7 R8b5 29. Rc4 Kh7 30. Rxf7 Kg6 31. Rcc7 1-0

[Event "DVM U16 2015"]
[Site "Lingen (Ems) GER"]
[Date "2015.12.27"]
[Round "1"]
[White "Surguchov, Alexander"]
[Black "Latka, Richard"]
[Result "1-0"]
[Termination "normal"]
[Board "9.2"]
[WhiteElo "1798"]
[BlackElo "1688"]
[WhiteTeam "VfSuF 1975 Düsseldorf-Süd"]
[BlackTeam "SSV Vimaria 91 Weimar"]
[PlyCount "75"]
[WhiteFideId "1272035"]
[BlackFideId "24690082"]
[EventCountry "GER"]
[EventRounds "7"]
[EventType "team-swiss"]
[EventDate "2015.12.26"]

1. d4 Nf6 2. Bf4 d5 3. e3 Bf5 4. Nf3 e6 5. Nbd2 Bd6 6. Bg3 O-O 7. Be2 Bxg3 8.
hxg3 Nbd7 9. O-O Re8 10. c4 c6 11. Rc1 Qb6 12. Qb3 Qxb3 13. Nxb3 Nb6 14. Ne5
Na4 15. g4 Be4 16. g5 dxc4 17. Nxc4 b5 18. Ncd2 Bd5 19. gxf6 Nxb2 20. fxg7 e5
21. dxe5 Rxe5 22. Nd4 Rg5 23. Bf3 Nd3 24. Rc3 Ne5 25. Bxd5 cxd5 26. f4 b4 27.
Rb3 Nc4 28. Nxc4 dxc4 29. Rxb4 Rc5 30. Rc1 Rac8 31. Rc3 Kxg7 32. Rb7 Ra5 33. a3
Kf6 34. Rb5 Rxb5 35. Nxb5 Rc5 36. a4 a6 37. Na3 Kf5 38. Rxc4 1-0

[Event "DVM U16 2015"]
[Site "Lingen (Ems) GER"]
[Date "2015.12.27"]
[Round "1"]
[White "Klee, Otto"]
[Black "Gula, Julian"]
[Result "0-1"]
[Termination "normal"]
[Board "9.3"]
[WhiteElo "1515"]
[BlackElo "1776"]
[WhiteTeam "SSV Vimaria 91 Weimar"]
[BlackTeam "VfSuF 1975 Düsseldorf-Süd"]
[PlyCount "52"]
[WhiteFideId "16217519"]
[BlackFideId "12954799"]
[EventCountry "GER"]
[EventRounds "7"]
[EventType "team-swiss"]
[EventDate "2015.12.26"]

1. e4 c5 2. Nf3 g6 3. d4 cxd4 4. Nxd4 Nc6 5. Bc4 Bg7 6. Nxc6 bxc6 7. Qf3 e6 8.
O-O Ne7 9. Nc3 O-O 10. Bg5 Rb8 11. Rfe1 h6 12. Bf4 Rb4 13. Bb3 d5 14. a3 Rb7
15. Rad1 Qa5 16. Bd2 Qc7 17. Bf4 Qa5 18. Rd3 d4 19. Red1 dxc3 20. bxc3 e5 21.
Be3 c5 22. Rd6 Qc7 23. Ra6 Rxb3 24. Rxa7 Qxa7 25. cxb3 Qxa3 26. Rb1 Be6 0-1

[Event "DVM U16 2015"]
[Site "Lingen (Ems) GER"]
[Date "2015.12.27"]
[Round "1"]
[White "Schmitz, Fabian"]
[Black "Katzschmann, Christian"]
[Result "1/2-1/2"]
[Termination "normal"]
[Board "9.4"]
[WhiteElo "1634"]
[BlackElo "1364"]
[WhiteTeam "VfSuF 1975 Düsseldorf-Süd"]
[BlackTeam "SSV Vimaria 91 Weimar"]
[PlyCount "46"]
[WhiteFideId "12965006"]
[BlackFideId "12983667"]
[EventCountry "GER"]
[EventRounds "7"]
[EventType "team-swiss"]
[EventDate "2015.12.26"]

1. e4 d5 2. exd5 Qxd5 3. Nc3 Qa5 4. Nf3 Nf6 5. d3 Bf5 6. Be2 e6 7. Bd2 c6 8.
Nh4 Bg6 9. Ne4 Qd8 10. Ng3 Bd6 11. Bc3 O-O 12. Nxg6 hxg6 13. O-O Nbd7 14. Ne4
Nxe4 15. dxe4 Qc7 16. g3 Rad8 17. Qd4 Be5 18. Qxa7 Bxc3 19. bxc3 Nf6 20. f3 Ra8
21. Qe3 Ra3 22. Qc5 Rfa8 23. Qc4 R8a4 1/2-1/2

[Event "DVM U16 2015"]
[Site "Lingen (Ems) GER"]
[Date "2015.12.27"]
[Round "1"]
[White "Ovsepyan, Arshak"]
[Black "Greiving, Felix"]
[Result "1/2-1/2"]
[Termination "normal"]
[Board "10.1"]
[WhiteElo "2138"]
[BlackElo "1796"]
[WhiteTeam "SK Gräfelfing"]
[BlackTeam "SV Lingen"]
[PlyCount "82"]
[WhiteFideId "24690236"]
[BlackFideId "12967548"]
[EventCountry "GER"]
[EventRounds "7"]
[EventType "team-swiss"]
[EventDate "2015.12.26"]

1. d4 Nf6 2. c4 g6 3. Nc3 Bg7 4. e4 d6 5. Nge2 O-O 6. Ng3 e5 7. d5 Nbd7 8. Be2
Ne8 9. Bg4 Nb6 10. Bxc8 Nxc8 11. Qc2 Ne7 12. a3 f5 13. b4 Qd7 14. f3 c6 15. Bg5
Bf6 16. Bxf6 Rxf6 17. O-O f4 18. Nge2 g5 19. dxc6 bxc6 20. Rad1 Qe6 21. Qd3 g4
22. c5 Ng6 23. Kh1 Nh4 24. Ng1 Rd8 25. fxg4 Qxg4 26. Qh3 Qxh3 27. Nxh3 Ng6 28.
Rd3 Kf8 29. Ng5 Kg7 30. Rfd1 h6 31. Nf3 Kf7 32. h4 h5 33. a4 a6 34. b5 axb5 35.
axb5 cxb5 36. Nxb5 Ke7 37. c6 Rc8 38. Nc3 Rxc6 39. Nd5+ Kd7 40. Nxf6+ Nxf6 41.
Re1 Rc4 1/2-1/2

[Event "DVM U16 2015"]
[Site "Lingen (Ems) GER"]
[Date "2015.12.27"]
[Round "1"]
[White "Möller, Hannah"]
[Black "von Schlippe, Nikolai"]
[Result "0-1"]
[Termination "normal"]
[Board "10.2"]
[WhiteElo "1743"]
[BlackElo "1970"]
[WhiteTeam "SV Lingen"]
[BlackTeam "SK Gräfelfing"]
[PlyCount "72"]
[WhiteFideId "1270514"]
[BlackFideId "12928135"]
[EventCountry "GER"]
[EventRounds "7"]
[EventType "team-swiss"]
[EventDate "2015.12.26"]

1. Nf3 Nf6 2. g3 d6 3. Bg2 e5 4. d4 e4 5. Ng5 d5 6. c4 c6 7. Nc3 Bd6 8. cxd5
cxd5 9. Qb3 Nc6 10. Be3 Na5 11. Qc2 Ng4 12. Qc1 Nc4 13. Nh3 Ncxe3 14. fxe3 Nxh2
15. Nf4 Qg5 16. Ncxd5 Qxg3+ 17. Kd2 Bxf4 18. exf4 e3+ 19. Nxe3 Qxf4 20. Qc3 O-O
21. Qd3 g6 22. Kc2 Re8 23. Nd5 Qf2 24. Be4 Rxe4 25. Kc3 Rxe2 26. Rab1 Bf5 27.
Qb5 Rc8+ 28. Kb3 Qxd4 29. Rxh2 Rxh2 30. Ne7+ Kg7 31. Nxf5+ gxf5 32. Qxf5 Qe3+
33. Ka4 Rh4+ 34. b4 Rc6 35. Kb5 Rb6+ 36. Ka5 Qa3# 0-1

[Event "DVM U16 2015"]
[Site "Lingen (Ems) GER"]
[Date "2015.12.27"]
[Round "1"]
[White "Shvartsman, Kristina"]
[Black "Baars, Nico"]
[Result "1/2-1/2"]
[Termination "normal"]
[Board "10.3"]
[WhiteElo "1417"]
[BlackElo "1409"]
[WhiteTeam "SK Gräfelfing"]
[BlackTeam "SV Lingen"]
[PlyCount "91"]
[WhiteFideId "12983438"]
[BlackFideId "16213718"]
[EventCountry "GER"]
[EventRounds "7"]
[EventType "team-swiss"]
[EventDate "2015.12.26"]

1. e4 g6 2. d4 Bg7 3. c3 d6 4. Be3 Nf6 5. Nd2 O-O 6. Be2 c6 7. f4 Qb6 8. Nc4
Qc7 9. Bf3 d5 10. Nd2 dxe4 11. Nxe4 Nxe4 12. Bxe4 f5 13. Bd3 Be6 14. Nf3 Nd7
15. O-O c5 16. Ng5 Bd5 17. dxc5 Nxc5 18. Bb5 Rad8 19. Qe2 h6 20. Nf3 a6 21. Bc4
Ne4 22. Bxd5+ Rxd5 23. Nd4 Qd7 24. Rad1 Nc5 25. Qc4 Rd8 26. Nxf5 Qxf5 27. Bxc5
e6 28. Rxd5 Qxd5 29. Qxd5 Rxd5 30. Be3 Kf7 31. Kf2 h5 32. Ke2 Ke7 33. Rd1 Rxd1
34. Kxd1 Kd6 35. Kc2 Kd5 36. Kd3 e5 37. fxe5 Bxe5 38. h3 Bf6 39. c4+ Ke6 40.
Bd4 Be7 41. Ke4 Bg5 42. a4 Bd2 43. b3 Bb4 44. Kf4 Bd2+ 45. Be3 Bb4 46. Bd4
1/2-1/2

[Event "DVM U16 2015"]
[Site "Lingen (Ems) GER"]
[Date "2015.12.27"]
[Round "1"]
[White "Baars, Pascal"]
[Black "Yaroshenko, Yaroslav"]
[Result "0-1"]
[Termination "normal"]
[Board "10.4"]
[WhiteElo "1011"]
[BlackElo "1702"]
[WhiteTeam "SV Lingen"]
[BlackTeam "SK Gräfelfing"]
[PlyCount "98"]
[WhiteFideId "16217527"]
[BlackFideId "16204905"]
[EventCountry "GER"]
[EventRounds "7"]
[EventType "team-swiss"]
[EventDate "2015.12.26"]

1. Nf3 d5 2. g3 Nf6 3. Bg2 Bf5 4. O-O e6 5. d3 Nc6 6. c4 Be7 7. Nc3 dxc4 8.
dxc4 O-O 9. Bf4 Qc8 10. Qb3 Nd7 11. Rad1 Nc5 12. Qa3 Nd3 13. Qa4 Nxb2 14. Qb3
Nxd1 15. Qxd1 Rd8 16. Qc1 Bd6 17. Bxd6 cxd6 18. Qf4 Ne7 19. Nb5 d5 20. cxd5
Nxd5 21. Qe5 f6 22. Qd4 a6 23. Na3 Ne7 24. Qf4 e5 25. Qe3 Nc6 26. Nc4 Qe6 27.
Qb3 Kh8 28. Nfd2 Bh3 29. Qxb7 Bxg2 30. Kxg2 Nd4 31. Qe4 Qc6 32. e3 Qxe4+ 33.
Nxe4 Nb5 34. a4 Nc7 35. Ned6 Kg8 36. Rd1 Ne8 37. Kf3 Nxd6 38. Rxd6 Rxd6 39.
Nxd6 Rb8 40. Ne4 Rb4 41. Nc5 a5 42. Ke2 Rc4 43. Nd3 Rxa4 44. Kd2 Ra2+ 45. Kc3
a4 46. h4 e4 47. Nb2 a3 48. Nd1 Ra1 49. Kc2 Rxd1 0-1

[Event "DVM U16 2015"]
[Site "Lingen (Ems) GER"]
[Date "2015.12.27"]
[Round "2"]
[White "Fieberg, Samuel"]
[Black "Rieper, Julian"]
[Result "1-0"]
[Termination "normal"]
[Board "1.1"]
[WhiteElo "2226"]
[BlackElo "2008"]
[WhiteClock "00:15:48"]
[BlackClock "00:16:41"]
[WhiteTeam "SG Porz"]
[BlackTeam "SK Doppelbauer Kiel"]
[PlyCount "89"]
[WhiteFideId "12901717"]
[BlackFideId "12936960"]
[EventCountry "GER"]
[EventRounds "7"]
[EventType "team-swiss"]
[EventDate "2015.12.26"]

1. e4 e5 {[%clk 1:30:51]} 2. Nf3 {[%clk 1:31:23]} Nc6 {[%clk 1:31:15]} 3. Bc4
{[%clk 1:31:50]} Nf6 {[%clk 1:31:36]} 4. d3 {[%clk 1:32:16]} Be7 {[%clk
1:31:52]} 5. O-O {[%clk 1:32:32]} O-O {[%clk 1:32:17]} 6. Re1 {[%clk 1:32:59]}
d6 {[%clk 1:32:35]} 7. a4 {[%clk 1:33:21]} Na5 {[%clk 1:32:30]} 8. Ba2 {[%clk
1:33:39]} c5 {[%clk 1:32:52]} 9. c3 {[%clk 1:33:09]} Nc6 {[%clk 1:33:12]} 10.
h3 {[%clk 1:32:56]} h6 {[%clk 1:31:13]} 11. Nbd2 {[%clk 1:30:49]} Qc7 {[%clk
1:30:56]} 12. Nf1 {[%clk 1:29:39]} Re8 {[%clk 1:30:39]} 13. N3h2 {[%clk
1:27:57]} Be6 {[%clk 1:29:04]} 14. Ng4 {[%clk 1:28:00]} Rad8 {[%clk 1:26:52]}
15. Qf3 {[%clk 1:27:35]} Nxg4 {[%clk 1:25:58]} 16. Bxe6 {[%clk 1:27:06]} Nf6
{[%clk 1:23:55]} 17. Ba2 {[%clk 1:27:18]} Rd7 {[%clk 1:10:47]} 18. Ng3 {[%clk
1:12:47]} Qd8 {[%clk 1:09:52]} 19. Nf5 {[%clk 1:12:06]} Bf8 {[%clk 1:09:13]}
20. Qg3 {[%clk 1:12:19]} Kh8 {[%clk 1:07:49]} 21. Be3 {[%clk 1:05:03]} b6
{[%clk 1:02:44]} 22. Bc4 {[%clk 0:57:45]} Qc8 {[%clk 1:01:33]} 23. Qf3 {[%clk
0:57:42]} Ng8 {[%clk 1:00:26]} 24. Bd2 {[%clk 0:47:28]} a6 {[%clk 0:58:14]} 25.
Ne3 {[%clk 0:42:42]} Nd8 {[%clk 0:53:30]} 26. Nd5 {[%clk 0:41:07]} Qb7 {[%clk
0:53:21]} 27. Qd1 {[%clk 0:37:28]} Ne7 {[%clk 0:47:06]} 28. Nxe7 {[%clk
0:33:44]} Rdxe7 {[%clk 0:46:15]} 29. f4 {[%clk 0:34:03]} b5 {[%clk 0:39:24]}
30. axb5 {[%clk 0:34:04]} axb5 {[%clk 0:39:49]} 31. Bd5 {[%clk 0:34:26]} Qb6
{[%clk 0:37:42]} 32. f5 {[%clk 0:34:01]} Ra7 {[%clk 0:36:06]} 33. Be3 {[%clk
0:29:07]} Rxa1 {[%clk 0:32:42]} 34. Qxa1 {[%clk 0:29:23]} Re7 {[%clk 0:32:58]}
35. Rf1 {[%clk 0:26:52]} Ra7 {[%clk 0:30:53]} 36. Qe1 {[%clk 0:27:14]} Nc6
{[%clk 0:18:51]} 37. f6 {[%clk 0:26:15]} Nd8 {[%clk 0:18:31]} 38. fxg7+ {[%clk
0:23:50]} Bxg7 {[%clk 0:18:50]} 39. Qh4 {[%clk 0:24:01]} Kh7 {[%clk 0:18:05]}
40. Bxh6 {[%clk 0:20:36]} Ne6 {[%clk 0:17:27]} 41. Bxg7+ {[%clk 0:16:11]} Kxg7
{[%clk 0:16:10]} 42. Bxe6 {[%clk 0:15:17]} fxe6 {[%clk 0:16:14]} 43. Qg5+
{[%clk 0:15:23]} Kh8 {[%clk 0:16:26]} 44. Qh6+ {[%clk 0:15:48]} Kg8 {[%clk
0:16:41]} 45. Rf8# 1-0

[Event "DVM U16 2015"]
[Site "Lingen (Ems) GER"]
[Date "2015.12.27"]
[Round "2"]
[White "Karlisch, Moritz"]
[Black "Ramien, David"]
[Result "0-1"]
[Termination "normal"]
[Board "1.2"]
[WhiteElo "1789"]
[BlackElo "2140"]
[WhiteClock "00:11:21"]
[BlackClock "00:26:07"]
[WhiteTeam "SK Doppelbauer Kiel"]
[BlackTeam "SG Porz"]
[PlyCount "70"]
[WhiteFideId "12964859"]
[BlackFideId "12948241"]
[EventCountry "GER"]
[EventRounds "7"]
[EventType "team-swiss"]
[EventDate "2015.12.26"]

1. d4 {[%clk 1:30:58]} g6 {[%clk 1:30:57]} 2. c4 {[%clk 1:31:23]} Bg7 {[%clk
1:31:23]} 3. Nc3 {[%clk 1:31:35]} d6 {[%clk 1:31:48]} 4. Nf3 {[%clk 1:30:25]}
Nf6 {[%clk 1:32:05]} 5. e4 {[%clk 1:30:48]} O-O {[%clk 1:32:29]} 6. Be2 {[%clk
1:31:13]} e5 {[%clk 1:32:47]} 7. d5 {[%clk 1:31:41]} a5 {[%clk 1:33:12]} 8. Bg5
{[%clk 1:31:53]} h6 {[%clk 1:33:08]} 9. Bh4 {[%clk 1:32:01]} Na6 {[%clk
1:32:42]} 10. Nd2 {[%clk 1:31:03]} Qe8 {[%clk 1:30:34]} 11. a3 {[%clk 1:29:28]}
Bd7 {[%clk 1:27:27]} 12. b3 {[%clk 1:29:37]} Nh7 {[%clk 1:25:39]} 13. O-O
{[%clk 1:29:18]} f5 {[%clk 1:24:17]} 14. f3 {[%clk 1:26:45]} Bf6 {[%clk
1:20:06]} 15. Bf2 {[%clk 1:23:53]} Qe7 {[%clk 1:18:05]} 16. Rb1 {[%clk
1:21:15]} Bh4 {[%clk 1:16:33]} 17. b4 {[%clk 1:19:51]} Bxf2+ {[%clk 1:16:36]}
18. Rxf2 {[%clk 1:19:59]} axb4 {[%clk 1:13:36]} 19. axb4 {[%clk 1:20:05]} Qg5
{[%clk 1:12:33]} 20. Qc2 {[%clk 1:12:31]} Nf6 {[%clk 1:08:10]} 21. c5 {[%clk
0:44:07]} dxc5 {[%clk 0:58:40]} 22. Bxa6 {[%clk 0:43:27]} Rxa6 {[%clk 0:57:03]}
23. bxc5 {[%clk 0:40:41]} Qe3 {[%clk 0:53:40]} 24. Nd1 {[%clk 0:33:44]} Qa3
{[%clk 0:49:53]} 25. Rxb7 {[%clk 0:29:32]} Ba4 {[%clk 0:49:05]} 26. Qb1 {[%clk
0:25:28]} Qxc5 {[%clk 0:43:21]} 27. Nb3 {[%clk 0:21:18]} Bxb3 {[%clk 0:42:09]}
28. Qxb3 {[%clk 0:21:18]} Ra3 {[%clk 0:39:44]} 29. Qb2 {[%clk 0:17:38]} fxe4
{[%clk 0:33:45]} 30. Qxe5 {[%clk 0:17:35]} e3 {[%clk 0:33:13]} 31. Re2 {[%clk
0:17:27]} Qxd5 {[%clk 0:32:51]} 32. Qxd5+ {[%clk 0:17:03]} Nxd5 {[%clk
0:33:19]} 33. Kf1 {[%clk 0:14:49]} Ra1 {[%clk 0:29:39]} 34. Re1 {[%clk
0:13:19]} Re8 {[%clk 0:26:10]} 35. Rb2 {[%clk 0:11:21]} Nf4 {[%clk 0:26:07]}
0-1